Sobre la proletarización de los trabajadores intelectuales: un ejercicio comparativo a partir del caso de los docentes en Argentina /

محفوظ في:
التفاصيل البيبلوغرافية
المؤلف الرئيسي: Donaire, Ricardo M.
التنسيق: نص
الوسوم: إضافة وسم
لا توجد وسوم, كن أول من يضع وسما على هذه التسجيلة!

MARC

LEADER 00000 a a2200000 04500
001 43753
003
040
100 |a Donaire, Ricardo M.  
245 |a Sobre la proletarización de los trabajadores intelectuales:   |b un ejercicio comparativo a partir del caso de los docentes en Argentina /  |c Ricardo M. Donaire  
773 |g volumen 2, páginas 57-88  
999 |c 26343  |d 26343